Statistics for Every song in Green Day's Nimrod album

Click here to take the quiz!

General Stats

  • This quiz has been taken 13 times
  • The average score is 17 of 18

Answer Stats

NIMROD% Correct
Good Riddance (Time of Your Life)
100%
Hitchin' A Ride
100%
King for a Day
100%
Nice Guys Finish Last
100%
Platypus (I Hate You)
100%
Prosthetic Head
100%
Redundant
100%
Scattered
100%
The Grouch
100%
Worry Rock
100%
Haushinka
90%
Last Ride In
90%
Take Back
90%
Uptight
90%
All the Time
80%
Jinx
80%
Reject
80%
Walking Alone
80%

Score Distribution

Percentile by Number Answered

Percent of People with Each Score

Your Score History

You have not taken this quiz